Situación del personal docente en América Latina
Wedi'i Gadw mewn:
| Prif Awdur: | |
|---|---|
| Fformat: | Llyfr |
| Iaith: | Sbaeneg |
| Cyhoeddwyd: |
Santiago
Universitaria
1969
Santiago UNESCO 1969 |
| Pynciau: | |
| Tagiau: |
Ychwanegu Tag
Dim Tagiau, Byddwch y cyntaf i dagio'r cofnod hwn!
|
MARC
| LEADER | 00000nam a2200000 a 4500 | ||
|---|---|---|---|
| 001 | UCZ9815 | ||
| 003 | CL-VaPUC | ||
| 008 | 960311e19690000CL |||||||||||||||||spa|d | ||
| 082 | 0 | 4 | |a 371.104 |b LOR |2 21 |
| 100 | |a Lorenzo, Carmen |e autora |9 354714 | ||
| 245 | 1 | 0 | |a Situación del personal docente en América Latina |
| 300 | |a 322 p | ||
| 942 | |c BK | ||
| 945 | |d 19960311 00:00:00 |a lriquelm | ||
| 260 | |a Santiago |b Universitaria |c 1969 | ||
| 260 | |a Santiago |b UNESCO |c 1969 | ||
| 650 | 0 | |a Docentes |9 311365 | |
| 650 | 0 | |a Profesores |9 308968 | |
| 650 | 7 | |a CONDICIONES DE EMPLEO DE LOS PROFESORES |2 CL-VaPUC |9 354715 | |
| 650 | 0 | |a Sociología de la educación |9 260380 | |
| 651 | 0 | |a América Latina |9 255027 | |
| 583 | |a last modification |c 20130414 09:57:56 |k Rodrigo Vera | ||
| 999 | |c 244880 |d 244878 | ||
| 952 | |0 0 |1 0 |4 0 |6 371_104000000000000_LOR_1969_1969 |7 0 |8 P |9 259141 |a BIBEDU |b BIBEDU |c BIBEDU_PB |d 2019-11-19 |i 1630296 |o 371.104 LOR 1969 1969 |p 1630296 |r 2024-01-25 |w 2019-11-19 |y BK |k EDU | ||